000
00291nam a22001217a 4500
040
_c
HS
082
_a
333 CLI 2001 C085
100
_a
CLIFFORD S. RUSSELL
245
_a
Applying Economics to the Environment
260
_a
New York
_b
CLIFFORD S. RUSSELL
_c
2001
300
_a
383p;
942
_c
EK
999
_c
11051
_d
11051